[Event "FRA-ch Blitz Online Qual"]
[Site "Europe Echecs INT"]
[Date "2020.05.16"]
[Round "7"]
[White "Fondrat, Johan"]
[Black "Martinez, Felicien"]
[Result "1-0"]
[WhiteElo "1509"]
[BlackElo "1867"]
[PlyCount "77"]
[EventDate "2020.05.16"]
[EventType "swiss (blitz)"]
[EventRounds "15"]
[EventCountry "FRA"]
[SourceTitle "CBM 196 Extra"]
[Source "ChessBase"]
[SourceDate "2020.07.31"]
[SourceVersion "1"]
[SourceVersionDate "2020.07.31"]
[SourceQuality "1"]

1. e4 e6 2. d3 d5 3. Nd2 Nc6 4. Ngf3 Nf6 5. g3 dxe4 6. dxe4 e5 7. Bg2 Bc5 8. 0-0 0-0 9. Qe2 Qe7 10. a3 a5 11. b3 Bg4 12. Bb2 Nd4 13. Qd3 Nxf3+ 14. Nxf3 Rfd8 15. Qe2 c6 16. Rfd1 b5 17. h3 Bxf3 18. Bxf3 Bb6 19. Qe1 h5 20. Qc3 Bd4 21. Rxd4 exd4 22. Qxc6 Rac8 23. Qxb5 Rxc2 24. Rb1 Nxe4 25. Qd3 Rxb2 26. Rxb2 Ng5 27. Bxh5 Qxa3 28. Re2 Nxh3+ 29. Kg2 Ng5 30. f4 Ne6 31. Bxf7+ Kxf7 32. Qf5+ Kg8 33. Qxe6+ Kh8 34. Kf3 g5 35. Rh2+ Kg7 36. Qe5+ Kf7 37. Rh7+ Kg6 38. Rg7+ Kh5 39. Qxg5# 1-0

[Event "FRA-ch Blitz Online Qual"]
[Site "Europe Echecs INT"]
[Date "2020.05.16"]
[Round "5"]
[White "Grulier, Ernest"]
[Black "Martinez, Felicien"]
[Result "0-1"]
[WhiteElo "1469"]
[BlackElo "1867"]
[PlyCount "30"]
[EventDate "2020.05.16"]
[EventType "swiss (blitz)"]
[EventRounds "15"]
[EventCountry "FRA"]
[SourceTitle "CBM 196 Extra"]
[Source "ChessBase"]
[SourceDate "2020.07.31"]
[SourceVersion "1"]
[SourceVersionDate "2020.07.31"]
[SourceQuality "1"]

1. f4 f5 2. Nf3 Nf6 3. d4 e6 4. c4 b6 5. Nc3 Bb7 6. b3 a5 7. Bb2 Bb4 8. e3 Ne4 9. Qc2 a4 10. Bd3 a3 11. Bxe4 axb2 12. Qxb2 Bxe4 13. 0-0 Bxc3 14. Qxc3 0-0 15. Ng5 Nc6 0-1

[Event "FRA-ch Blitz Online Qual"]
[Site "Europe Echecs INT"]
[Date "2020.05.16"]
[Round "3"]
[White "Le Goff, Ronan"]
[Black "Martinez, Felicien"]
[Result "1-0"]
[WhiteElo "2267"]
[BlackElo "1867"]
[PlyCount "43"]
[EventDate "2020.05.16"]
[EventType "swiss (blitz)"]
[EventRounds "15"]
[EventCountry "FRA"]
[SourceTitle "CBM 196 Extra"]
[Source "ChessBase"]
[SourceDate "2020.07.31"]
[SourceVersion "1"]
[SourceVersionDate "2020.07.31"]
[SourceQuality "1"]

1. d4 e6 2. Nf3 f5 3. e4 fxe4 4. Ng5 Nf6 5. Nc3 d5 6. f3 exf3 7. Qxf3 Bb4 8. Bd3 Nc6 9. Be3 Bd7 10. 0-0 0-0 11. Qh3 e5 12. Bxh7+ Kh8 13. Bf5+ Kg8 14. Be6+ Bxe6 15. Qxe6+ Kh8 16. Qh3+ Kg8 17. Qe6+ Kh8 18. Rf3 Ng8 19. Rh3+ Nh6 20. Rxh6+ gxh6 21. Qxh6+ Kg8 22. Qh7# 1-0

[Event "FRA-ch Blitz Online Qual"]
[Site "Europe Echecs INT"]
[Date "2020.05.16"]
[Round "12"]
[White "Martinez, Felicien"]
[Black "Lucas, Arthur"]
[Result "0-1"]
[WhiteElo "1867"]
[BlackElo "2283"]
[PlyCount "46"]
[EventDate "2020.05.16"]
[EventType "swiss (blitz)"]
[EventRounds "15"]
[EventCountry "FRA"]
[SourceTitle "CBM 196 Extra"]
[Source "ChessBase"]
[SourceDate "2020.07.31"]
[SourceVersion "1"]
[SourceVersionDate "2020.07.31"]
[SourceQuality "1"]

1. c4 Nf6 2. g3 g6 3. Bg2 Bg7 4. Nc3 0-0 5. Rb1 a5 6. a3 d6 7. b4 axb4 8. axb4 e5 9. e3 Nc6 10. Nge2 Be6 11. d3 d5 12. b5 Ne7 13. c5 d4 14. exd4 exd4 15. Na4 Bd5 16. 0-0 Bxg2 17. Kxg2 Qd5+ 18. f3 Qa2 19. Rb4 Nfd5 20. Rc4 Nf5 21. Kg1 Nfe3 22. Bxe3 Nxe3 23. Qd2 Qxd2 0-1

[Event "FRA-ch Blitz Online Qual"]
[Site "Europe Echecs INT"]
[Date "2020.05.16"]
[Round "8"]
[White "Martinez, Felicien"]
[Black "Ogier, Arnaud"]
[Result "1-0"]
[WhiteElo "1867"]
[BlackElo "1569"]
[PlyCount "129"]
[EventDate "2020.05.16"]
[EventType "swiss (blitz)"]
[EventRounds "15"]
[EventCountry "FRA"]
[SourceTitle "CBM 196 Extra"]
[Source "ChessBase"]
[SourceDate "2020.07.31"]
[SourceVersion "1"]
[SourceVersionDate "2020.07.31"]
[SourceQuality "1"]

1. c4 e5 2. g3 Nf6 3. Nc3 Bb4 4. Bg2 0-0 5. e3 c6 6. Nge2 d5 7. cxd5 cxd5 8. d4 exd4 9. exd4 Re8 10. 0-0 h6 11. Bf4 Nc6 12. Rc1 Bg4 13. f3 Bh5 14. a3 Bd6 15. Bxd6 Qxd6 16. Nf4 a6 17. Nxh5 Nxh5 18. f4 Nf6 19. Qd3 Re7 20. Rfe1 Rae8 21. Re5 Nxe5 22. fxe5 Qe6 23. exf6 Qxf6 24. Nxd5 Re1+ 25. Rxe1 Rxe1+ 26. Bf1 Qe6 27. Nf4 Qe3+ 28. Qxe3 Rxe3 29. Kf2 Rb3 30. Nd3 Kf8 31. Ke3 Ke7 32. Be2 Rb6 33. Ke4 Re6+ 34. Kf3 f6 35. Bd1 Rb6 36. b4 a5 37. Ke4 axb4 38. axb4 Ra6 39. Nc5 Ra2 40. Nxb7 Rxh2 41. Nc5 Rg2 42. b5 Rxg3 43. b6 Kd8 44. Ba4 Rg1 45. b7 Kc7 46. Bc6 Re1+ 47. Kd3 Rc1 48. Na6+ Kxc6 49. b8Q Kd5 50. Qd8+ Ke6 51. Qe8+ Kf5 52. Qd7+ Kg6 53. Qg4+ Kf7 54. Nc5 Rd1+ 55. Kc2 Ra1 56. Qd7+ Kg6 57. Qg4+ Kf7 58. Qh5+ Ke7 59. Kc3 Rc1+ 60. Kb4 Rb1+ 61. Kc4 Rc1+ 62. Kd5 Re1 63. Qg6 Rc1 64. Qxg7+ Kd8 65. Qd7# 1-0

[Event "Espalion op 3rd"]
[Site "Espalion"]
[Date "2018.07.18"]
[Round "6"]
[White "Carton, Patrick"]
[Black "Martinez, Felicien"]
[Result "1-0"]
[WhiteElo "2189"]
[BlackElo "1766"]
[PlyCount "67"]
[EventDate "2018.07.14"]
[EventType "swiss"]
[EventRounds "9"]
[EventCountry "FRA"]
[SourceTitle "CBM 185 Extra"]
[Source "ChessBase"]
[SourceDate "2018.07.29"]
[SourceVersion "1"]
[SourceVersionDate "2018.07.29"]
[SourceQuality "1"]

1. Nf3 Nf6 2. g3 g6 3. Bg2 Bg7 4. 0-0 d6 5. c4 0-0 6. Nc3 c5 7. d3 Nc6 8. Rb1 Rb8 9. a3 Bd7 10. b4 b6 11. Bd2 Qc8 12. Re1 h6 13. Qc2 Bh3 14. Nd5 Nxd5 15. cxd5 Bxg2 16. Kxg2 Nd8 17. Rec1 Qd7 18. Bc3 f5 19. Bxg7 Kxg7 20. bxc5 dxc5 21. Qb2+ Kh7 22. Rxc5 Nf7 23. Rb5 Nd6 24. Rb4 Rf6 25. Ne5 Qb7 26. Nc6 Rbf8 27. Qe5 Nc8 28. Nd4 Rd8 29. Nc6 Rdf8 30. f4 Rd6 31. d4 e6 32. Rc4 Qd7 33. Nb8 Qd8 34. Rbc1 1-0

[Event "Espalion op 3rd"]
[Site "Espalion"]
[Date "2018.07.15"]
[Round "2"]
[White "Gerard, Nicolas"]
[Black "Martinez, Felicien"]
[Result "1-0"]
[WhiteElo "2183"]
[BlackElo "1766"]
[PlyCount "73"]
[EventDate "2018.07.14"]
[EventType "swiss"]
[EventRounds "9"]
[EventCountry "FRA"]
[SourceTitle "CBM 185 Extra"]
[Source "ChessBase"]
[SourceDate "2018.07.29"]
[SourceVersion "1"]
[SourceVersionDate "2018.07.29"]
[SourceQuality "1"]

1. d4 Nf6 2. c4 g6 3. Nc3 Bg7 4. e4 d6 5. f4 0-0 6. Nf3 c5 7. d5 e6 8. dxe6 Bxe6 9. Bd3 Bg4 10. 0-0 Nc6 11. h3 Bxf3 12. Qxf3 Nd4 13. Qf2 Re8 14. Be3 Nd7 15. Rad1 a6 16. f5 gxf5 17. exf5 b5 18. Nd5 bxc4 19. Bxc4 Ne5 20. f6 Bf8 21. Bxd4 cxd4 22. Rxd4 Nxc4 23. Rxc4 Re5 24. Qf3 Rb8 25. Rfc1 Rg5 26. Rg4 Rg6 27. b4 a5 28. a3 Rc8 29. Rxc8 Qxc8 30. Ne7+ Bxe7 31. fxe7 Kg7 32. Qe3 Qe8 33. Qd4+ f6 34. Rxg6+ hxg6 35. Qxd6 Qc8 36. bxa5 Kf7 37. a6 1-0